| 000 | 00489nam a2200193Ia 4500 | ||
|---|---|---|---|
| 005 | 20240918022514.0 | ||
| 008 | 240331s9999 xx 000 0 und d | ||
| 020 | _a1577315332 | ||
| 082 |
_bMUR _a658 |
||
| 100 | _a Murray A.F | ||
| 245 | 0 |
_aParadigm found : _bLeading and Managing for positive change |
|
| 260 |
_aCalifornia _bNew World Library _c2006 |
||
| 300 | _axxx, 236 p ., | ||
| 650 | _aLeadership | ||
| 650 | _aWomen | ||
| 650 | _aVision | ||
| 650 | _apassion | ||
| 942 | _cL | ||
| 999 |
_c1339 _d1339 |
||